00503nam a2200145Ia 4500008004100000041000800041082001800049100002100067245004500088260003700133300003300170365001100203999001700214952012600231240624s9999 xx 000 0 und d aeng a338.70954 DAM aDAMODARAN HARISH aINDIA S NEW CAPITALISTS CASTE BUSINESS A c2008aNew DelhibPermanent Black axxiii, : 341 : p. : cm. ; 22 cRSb30 c12521d12521 00104070aIMTNbIMTNcRack 13-Ad2009-02-17ePSBEg695.00o338.70954 DAMp12521r2024-06-24 00:00:00t1w2024-06-24yBK